| 000 | 00584nam a2200157Ia 4500 | ||
|---|---|---|---|
| 005 | 20251020182600.0 | ||
| 008 | 200515s9999 xx 000 0 und d | ||
| 082 | _aSC/331.85:658.114(05)/036-T | ||
| 110 | _aOficina Internacional del Trabajo | ||
| 245 | 0 | _aDeclaración tripartita de principios sobre las empresas multinacionales y la política social (Proceso de adopción, contenido, curso dado a la Declaración y su relación con los instrumentos pertinentes de otras organizaciones | |
| 260 | _aGinebra | ||
| 260 | _c1982 | ||
| 300 | _a35 | ||
| 650 | _aTRABAJO | ||
| 942 | _cLIB | ||
| 999 |
_c3021 _d3021 |
||